Electronic imaging /

Bibliographic Details
Corporate Author: Rank Prize Funds
Other Authors: McLean, T. P., Schagen, P.
Format: Book
Language:English
Published: London ; New York : Academic Press, 1979.
Series:Rank Prize Funds opto-electronics biennial symposia.
Subjects:

MARC

Tag First Indicator Second Indicator Subfields
LEADER 00000cam a2200000 i 4500
001 in00000029763
005 20151007062928.0
008 800122s1979 enkaf b 10100 engm
010 |a  79050314  
015 |a GB*** 
020 |a 0124850502 
035 |a (OCoLC)05724473 
035 |9 AAD6119AM 
040 |a DLC  |c DLC  |d m.c.  |d TXA  |d UtOrBLW 
049 |a TXAM  |c [A08644520] 
050 0 0 |a TK8315  |b .E43 
082 0 |a 621.3815/42 
245 0 0 |a Electronic imaging /  |c edited by T. P. McLean and P. Schagen. 
264 1 |a London ;  |a New York :  |b Academic Press,  |c 1979. 
300 |a xvi, 522 pages, 4 unnumbered leaves of plates :  |b illustrations ;  |c 24 cm. 
336 |a text  |b txt  |2 rdacontent 
337 |a unmediated  |b n  |2 rdamedia 
338 |a volume  |b nc  |2 rdacarrier 
490 1 |a The Rank Prize Funds opto-electronics biennial symposia 
500 |a "Consists of papers presented at the International Symposium sponsored and organized by the Rank Prize Funds, and held at the Royal Society, London, on 11-13 September 1978." 
504 |a Includes bibliographical references and index. 
650 0 |a Imaging systems  |v Congresses. 
650 0 |a Image processing  |v Congresses. 
700 1 |a McLean, T. P. 
700 1 |a Schagen, P. 
710 2 |a Rank Prize Funds. 
830 0 |a Rank Prize Funds opto-electronics biennial symposia. 
999 |a MARS 
999 f f |s 4230a11d-8dbd-3994-9337-08c0094ec29e  |i c7d4933a-a59c-32ff-8d9b-50bb1bcae8c3  |t 0 
952 f f |p ric  |a Texas A&M University  |b Rellis Campus  |c Joint Library Facility  |d Remote Storage  |t 0  |e TK8315 .E43  |h Library of Congress classification  |i unmediated -- volume  |m A14808644520 
998 f f |a TK8315 .E43  |t 0  |l Remote Storage